Chinese Cities With the Most Universities - Statistics

General Stats
  • This quiz has been taken 41 times
  • The average score is 13 of 15
Answer Stats
# City % Correct
92 Beijing
100%
82 Guangzhou
100%
63 Shanghai
100%
83 Wuhan
100%
57 Tianjin
97%
63 Xi’an
97%
52 Nanjing
90%
58 Chengdu
83%
68 Chongqing
83%
65 Zhengzhou
80%
57 Changsha
77%
51 Harbin
77%
55 Hefei
70%
53 Nanchang
63%
52 Kunming
60%
No matching quizzes found
Score Distribution
Percent of People with Each Score
Percentile by Number Answered
Your Score History
You have not taken this quiz